| 000 | 006090000a22001810004500 | ||
|---|---|---|---|
| 003 | LK-CoMWRAF | ||
| 008 | 230817t2001 ||||| |||| 00| 0 eng d | ||
| 040 |
_aLK-CoMWRAF _dLK-CoMWRAF _eLK-CoMWRAF |
||
| 041 | _aeng | ||
| 082 |
_a362.8292 _bZER |
||
| 111 |
_aEXPERT MEETING ON 'ZERO TOLERANCE FOR DOMESTIC VIOLENCE' _c(Tokyo, Japan, _d7-9 th August, 2000) |
||
| 245 |
_aExpert meeting : _bzero tolerance for domestic violence |
||
| 260 |
_aTokyo: _bAsian Women's Fund, _c2000 |
||
| 300 | _a 193 p. : ill. ; 30 cm | ||
| 490 |
_aAsian Women's Fund _v 00-3 |
||
| 650 | _aFAMILY VIOLENCE-ASIA-Congresses | ||
| 942 | _cCP | ||
| 999 |
_c242 _d242 |
||